Estadios, ciudades y equipos españoles - Estadísticas

Estadísticas generales
  • Esta prueba ha sido intentada 7.089 veces
  • La puntuación promedio es 70 de 126
Estadísticas de respuestas
Club % Correcto
Madrid
99%
Real Madrid
99%
FC Barcelona
97%
Barcelona
96%
Cornellá de Llobregat
96%
Atlético de Madrid
95%
Sevilla
92%
Sevilla FC
92%
Bilbao
90%
Santiago Bernabeu
90%
Valencia
90%
Valencia CF
90%
Real Betis
89%
Spotify Camp Nou
89%
Athletic Club
85%
Real Sociedad
83%
Riyadh Air Metropolitano
83%
Rayo Vallecano
82%
RCD Espanyol
82%
Villarreal
82%
Getafe
81%
Getafe CF
81%
Celta de Vigo
78%
Donostia/San Sebastián
78%
Gerona
78%
Girona FC
77%
Vigo
75%
Deportivo Alavés
73%
Almería
72%
San Mamés
72%
UD Almería
72%
Cádiz
71%
Cádiz CF
71%
Palma de Mallorca
71%
Granada
70%
Granada CF
70%
Mestalla
70%
RCD Mallorca
70%
Las Palmas de Gran Canaria
69%
UD Las Palmas
69%
Donostia/San Sebastián
68%
CA Osasuna
67%
Levante UD
66%
Real Valladolid
66%
CD Leganés
65%
Leganés
65%
Ramón Sánchez Pizjuán
65%
Real Sociedad B
65%
Real Zaragoza
65%
Valladolid
65%
Villarreal CF
64%
Zaragoza
64%
Real Oviedo
62%
Oviedo
61%
Pamplona/Iruña
60%
Deportivo de La Coruña
59%
La Cartuja
59%
Estadio de la Cerámica
57%
Málaga CF
56%
Racing de Santander
56%
Elche
55%
Elche CF
55%
Gijón
55%
Santander
55%
Estadio de Vallecas
53%
Sporting de Gijón
53%
Vitoria-Gasteiz
53%
A Coruña
52%
Balaídos
49%
Albacete
48%
Albacete Balompié
48%
Eibar
46%
SD Eibar
46%
Coliseum
45%
Huesca
43%
SD Huesca
43%
Burgos
42%
Burgos CF
42%
Instalaciones de Zubieta
41%
El Sadar
40%
Málaga
40%
Municipal de Montilivi
40%
Reale Arena
40%
Mendizorroza
38%
Nuevo Estadio de Los Cármenes
37%
Córdoba
35%
Córdoba CF
35%
AD Ceuta FC
34%
Ceuta
34%
El Molinón
34%
León
34%
CD Mirandés
33%
Cultural Leonesa
33%
Estadio Mallorca Son Moix
33%
Andorra la Vieja
32%
El Sardinero
32%
FC Andorra
32%
RCDE Stadium
31%
Butarque
30%
Carlos Tartiere
30%
CD Castellón
30%
Castellón de la Plana
29%
José Zorrilla
29%
Ciutat de Valencia
27%
Estadio de Gran Canaria
27%
Nuevo Mirandilla
27%
Ipurúa
25%
Estadio Modular
24%
La Rosaleda
23%
Abanca-Riazor
21%
Miranda de Ebro
21%
Martínez Valero
19%
UD Almería Stadium
18%
Estadio Municipal de El Plantío
14%
Municipal Carlos Belmonte
14%
El Alcoraz
13%
Reino de León
12%
Anduva
11%
Bahrain Victorious Nuevo Arcángel
11%
Skyfi Castalia
10%
Alfonso Murube
8%
Estadi Nacional
6%
No se encontraron pruebas coincidentes
Distribución de puntuación
Porcentaje de gente con cada puntuación
Porcentaje por número respondido
Historial de tus puntuaciones
No has intentado esta prueba.